The one you really want / (Record no. 233538)

000 -LEADER
fixed length control field 00953cam a22002898i 4500
001 - CONTROL NUMBER
control field 18753704
003 - CONTROL NUMBER IDENTIFIER
control field Nust
005 - DATE AND TIME OF LATEST TRANSACTION
control field 20170308154821.0
008 - FIXED-LENGTH DATA ELEMENTS--GENERAL INFORMATION
fixed length control field 150821t20162004ilu 000 1 eng
010 ## - LIBRARY OF CONGRESS CONTROL NUMBER
LC control number 2015031723
020 ## - INTERNATIONAL STANDARD BOOK NUMBER
International Standard Book Number 9780755332502
040 ## - CATALOGING SOURCE
Original cataloging agency DLC
Language of cataloging eng
Description conventions rda
Transcribing agency DLC
042 ## - AUTHENTICATION CODE
Authentication code pcc
050 00 - LIBRARY OF CONGRESS CALL NUMBER
Classification number PR6063.A395
Item number O54 2016
082 00 - DEWEY DECIMAL CLASSIFICATION NUMBER
Classification number 823.914
Author Mark MAN
100 1# - MAIN ENTRY--PERSONAL NAME
Personal name Mansell, Jill.
245 14 - TITLE STATEMENT
Title The one you really want /
Statement of responsibility, etc. Jill Mansell.
263 ## - PROJECTED PUBLICATION DATE
Projected publication date 1604
264 #1 - PRODUCTION, PUBLICATION, DISTRIBUTION, MANUFACTURE, AND COPYRIGHT NOTICE
Place of production, publication, distribution, manufacture Naperville, IL :
Name of producer, publisher, distributor, manufacturer Sourcebooks Landmark,
Date of production, publication, distribution, manufacture, or copyright notice 2016
300 ## - PHYSICAL DESCRIPTION
Extent 470 p ;
Dimensions 20 cm:
336 ## - CONTENT TYPE
Content type term text
Source rdacontent
337 ## - MEDIA TYPE
Media type term unmediated
Source rdamedia
338 ## - CARRIER TYPE
Carrier type term volume
Source rdacarrier
650 ## - SUBJECT ADDED ENTRY--TOPICAL TERM
Topical term or geographic name entry element Adultery
General subdivision Fiction
906 ## - LOCAL DATA ELEMENT F, LDF (RLIN)
a 7
b cbc
c orignew
d 1
e ecip
f 20
g y-gencatlg
942 ## - ADDED ENTRY ELEMENTS (KOHA)
Source of classification or shelving scheme
Koha item type Book
Holdings
Withdrawn status Lost status Source of classification or shelving scheme Damaged status Not for loan Permanent Location Current Location Shelving location Date acquired Total Checkouts Total Renewals Full call number Barcode Date last seen Date last checked out Copy number Price effective from Koha item type
          Central Library (CL) Central Library (CL) Fiction 03/08/2017 4 1 823.914 MAN CL1680 09/29/2025 09/12/2023 1 03/08/2017 Book
© 2023 Central Library, National University of Sciences and Technology. All Rights Reserved.